000 00520nam a22001697a 4500
005 20231107133146.0
008 231107b |||||||| |||| 00| 0 eng d
020 _a0702104078
041 _aEnglish
082 _a346.43 COO
100 _aCooper, WE
_lEnglish
245 _aThe South African Law of Landlord and Tenant /
_cWE Cooper
260 _aCape Town :
_bJuta and Company Ltd,
_c1973
300 _bliii, 571 pages ;
_c26 cm.
650 _aLegal practice
_bLaw
942 _cBK
_6ALISON_BN_VRIES
999 _c382
_d382